000 00653nam a2200277Ia 4500
005 20260324130008.0
008 008 260324s9999 xx 000 0 eng d
020 _a9780429113758
037 _aEBOOK
040 _aCRL
040 _beng
040 _cCRL
041 _2eng
041 _aeng
084 _qCRL
100 _aMartinus A.J.S. van Boekel
_91180121
245 0 _aKinetic Modeling of Reactions In Foods
260 _bTaylor and Francis
260 _c2008
365 _a
365 _b560
856 _uhttp://www.taylorfrancis.com/books/9780429113758
942 _cEBOOK
999 _c1775855
_d1775855